| 000 | 00777nam a2200193 i 4500 | ||
|---|---|---|---|
| 001 | 162050 | ||
| 003 | ES-MaACL | ||
| 005 | 20230906212421.0 | ||
| 008 | 000710s1887 sp |||| | spa d | ||
| 040 |
_aCCPB | B _bspa _cCCPB | B |
||
| 100 | 0 |
_aPicatoste, Felipe. _991802 |
|
| 245 | 1 | 0 |
_aEstudios sobre la grandeza y decadencia de España / _cpor Felipe Picatoste. |
| 260 |
_aMadrid : _b[s.n.], _c1887 ( _fImprenta de la viuda de Hernando y Cª) |
||
| 300 |
_a2 v. ; _c21 cm. |
||
| 505 | 8 | _aT. I Los españoles en Italia (VIII, 357 p.) -- T. II Los españoles en Italia (148 p.) -- T. III El siglo XVII (222 p.) | |
| 651 | 4 |
_aEspaña- _xHistoria. _98209 |
|
| 651 | 4 |
_aItalia- _xHistoria. _98866 |
|
| 852 |
_aES-MaACL _jC-346-47 _z-- Enc. pasta española _z-- Enc. 3 t. en 2 v. |
||
| 999 |
_c162050 _d162050 |
||